Obálka Náhled e-knihy:
PDF Epub
Pro půjčování e-knih musíte být přihlášeni.
Jak si půjčit online?

Žalozpěv /

Před třiceti lety beze stopy zmizela šestnáctiletá Sofie. Její blízcí se už vzdali naděje, že se někdy dozví pravdu. Když jsou však ve Fjällbacce nalezeny lidské ostatky, vyšetřování se znovu rozbíhá a detektiv Patrik Hedström stojí před nelehkým úkolem: najít Sofiina vraha. Do případu se zaplétá i...

Celý popis

Uloženo v:
Série:Erika Falcková & Patrik Hedström, část 12
Hlavní autor: Läckberg, Camilla (Autor)
Médium: E-kniha
Jazyk:Czech
Vydáno: Praha : Albatros Media a.s., 2026
Příbuzné jednotky:Z cyklu:: Erika Falcková & Patrik Hedström
Tagy:
Žádné tagy
LEADER 01646nam a22002417i 4500
001 305196
007 ta
008 260601s2026 xr ||||| |||| 00| 0 cze d
020 |a 9788026760993 
044 |a xr 
100 1 |a  Läckberg, Camilla  |4 aut 
245 1 0 |a Žalozpěv /  |c  Läckberg, Camilla 
240 1 0 |a GRATERSKAN  
264 1 |a Praha :  |b Albatros Media a.s.,  |c 2026 
300 |a 1 online zdroj (464 stran) 
336 |a text  |b txt  |2 rdacontent 
337 |a bez média  |b n  |2 rdamedia 
338 |a online zdroj  |b cr  |2 rdacarrier 
520 2 |a Před třiceti lety beze stopy zmizela šestnáctiletá Sofie. Její blízcí se už vzdali naděje, že se někdy dozví pravdu. Když jsou však ve Fjällbacce nalezeny lidské ostatky, vyšetřování se znovu rozbíhá a detektiv Patrik Hedström stojí před nelehkým úkolem: najít Sofiina vraha. Do případu se zaplétá i spisovatelka Erika Falcková, která o záhadném zmizení píše knihu. Společně skládají střípky třicet let staré minulosti. V městečku má ale každý své tajemství – a někteří udělají cokoli, aby zůstalo skryto. 
787 0 8 |g 12  |i Z cyklu:  |t Erika Falcková & Patrik Hedström 
910 |a RBIT002 
998 |d 427510  |a https://core.palmknihy.cz/api/books/427510/cover?tfvcgm  |b https://core.palmknihy.cz/api/books/427510/cover/400?tfvcgm  |c https://core.palmknihy.cz/api/books/427510/cover/50?tfvcgm  |e 2030-09-30  |g 464  |i 9788026760993  |j https://core.palmknihy.cz/api/books/427510/preview.epub  |k https://core.palmknihy.cz/api/books/427510/preview.pdf  |l   |q 49  |r 1  |s https://www.palmknihy.cz/kniha/427510  |t ebook  |y 2026  |z 1  |v Erika Falcková & Patrik Hedström  |w 12 
999 |d 305194